000 00469cam a22001337a 4500
008 180718b2005 xxu||||| |||| 00| 0 eng d
082 _aAPPPA/2004-05/CAI/10
100 _aCairae, H.M.
245 _aDissertation on ECO tourism in India
_cby H.M. Cairae
260 _aNew Delhi
_bIndian Institute of Public Administration
_c2005
300 _a100p.
500 _aAn APPPA M.Phil dissertation, 2004-05 (Guide: P.K. Chaubey)
650 _aDissertation on ECO tourism - India
999 _c493099
_d493099